Junta corresponsal de la Asociación Industrial Portuense
Descripción Física:
1 f. ; 31 cm
Otros Autores:
Asociación Industrial Portuense
Materias:
Asociación Industrial Portuense
MARC
| LEADER | 00000nam a2200000Ia 4500 | ||
|---|---|---|---|
| 001 | 23550 | ||
| 008 | 160829s1862 xx 000 0 cat d | ||
| 080 | |a RF-17-30 | ||
| 245 | |a Junta corresponsal de la Asociación Industrial Portuense | ||
| 260 | |a Barcelona : |b Tipografía Juan Oliveres, |c 1862 | ||
| 300 | |a 1 f. ; |c 31 cm | ||
| 590 | |a Prové de 931, exp. 14. | ||
| 590 | |a Hi ha un duplicat a: DUP-73-52. | ||
| 650 | |a Asociación Industrial Portuense |9 48947 | ||
| 700 | |a Asociación Industrial Portuense |9 48947 | ||
| 856 | 4 | |u https://media.diba.cat/diba/fitxers/arxiu/fulletons/bib_23550_1862_baixa.pdf |y Accés lliure | |
| 856 | 4 | |u https://media.diba.cat/diba/fitxers/arxiu/fulletons/bib_23550_1862_baixa.pdf |y Accés lliure | |
| 901 | |a Arxiu | ||
| 942 | |n 1 |2 udc | ||
| 952 | |0 0 |1 0 |4 0 |6 RF1730 |7 1 |9 54995 |a Arxiu |b Arxiu |d 2012-08-07 |l 0 |o RF-17-30 |p 23550 |r 2016-12-01 00:00:00 |w 2016-12-01 |y ARXIU | ||
| 999 | |c 58865 |d 58865 | ||
| 900 | |a bib_23550_1862_baixa.pdf | ||